000 00557nam a2200193Ia 4500
005 20250508163307.0
008 008 250505s9999 xx 000 0 eng d
020 _a0-85398-083-7
037 _aTextual
040 _aFEDL
_beng
_cFEDL
041 _aeng
_2eng
084 _a377.9787, ROS
_qFEDL
100 _aRost H T D
_9775059
245 0 _aBrilliant stars: The bahai faith and the education of children
260 _aOxford
_bGeorge Ronald
_c1979
300 _aix,181p.
942 _cTEXL
_h377.9787, ROS
999 _c1382099
_d1382099